000 01182cam a2200325 i 4500
001 42004
003 Mx-PuUPA
005 20251105122148.0
008 140415s2024 sp gr 001 0 spa d
017 _aB. 14.112-2024
020 _a9788449342790
040 _cMx-PuUPA
_aMx-PuUPA
_bspa
_dMx-PuUPA
_erda
041 0 _aspa
100 1 _aCortina Orts, Adela,
_eautor
_92776
245 1 1 _a¿Ética o ideología de la inteligencia artificial? :
_bel eclipse de la razón comunicativa en una sociedad tecnologizada /
_cAdela Cortina
250 _a1a edición /
_boctubre
264 1 _aBarcelona, España :
_bPaidós,
_c2024
300 _a247 páginas ;
_c24 cm
336 _2rdacontent
_atexto
_btxt
337 _2rdamedia
_asin medio
_bn
338 _2rdacarrier
_avolumen
_bnc
490 0 _aEstado y sociedad
650 7 _2armarc
_913986
_aInteligencia artificial
_xAspectos morales y éticos
650 7 _2armarc
_aÉtica profesional
650 7 _2armarc
_aTecnología
_xAspectos morales y éticos
650 7 _2armarc
_aSociedad de la información
_xAspectos morales y éticos
942 _2ddc
_cLI
_h006.3
_iC78
999 _c42004
_d42004